000
00335pab a2200145 454500
008
180718b1984 xxu||||| |||| 00| 0 eng d
100
_a
Ahmed, S.A.
245
_a
The integrative function of mass media
260
_c
1984
300
_a
215-16
362
_a
Aug.
650
_a
Mass Media - India
773
_a
Vidura
909
_a
13320
999
_c
13320
_d
13320